Návrh a realizácia Teslovej cievky
Na minha lista:
| Autor principal: | |
|---|---|
| Outros Autores: | |
| Formato: | Manuscrito Livro |
| Idioma: | eslovaco |
| Publicado em: |
Bratislava :
STU v Bratislave FEI,
2013
|
| Assuntos: | |
| Acesso em linha: | VAIS |
| Tags: |
Sem tags, seja o primeiro a adicionar uma tag!
|
MARC
| LEADER | 00000ntm a22000003a 4500 | ||
|---|---|---|---|
| 001 | stu272651 | ||
| 005 | 20150617230233.7 | ||
| 008 | 130801s2013----xo------------------slo-d | ||
| 040 | |a STU |b slo | ||
| 041 | 0 | |a slo | |
| 044 | |a xo | ||
| 100 | 1 | |a Škumát, Tomáš, |d 1990- |4 aut |u E |T FEI Fakulta elektrotechniky a informatiky |X 6126 |U E |Y 30 |7 A000006126 | |
| 242 | 0 | 0 | |a Design and Realization of Tesla Coil |y eng |
| 245 | 1 | |a Návrh a realizácia Teslovej cievky | |
| 260 | |a Bratislava : |b STU v Bratislave FEI, |c 2013 | ||
| 300 | |a 38 s | ||
| 650 | 7 | |a Electrical Engineering |2 estusub | |
| 650 | 7 | |a resonance |2 estusub | |
| 650 | 7 | |a rezonancia |2 stusub | |
| 700 | 1 | |a Kment, Attila, |d 1980- |4 ths |u E020 |U FEI Fakulta elektrotechniky a informatiky |T FEI Ústav elektroenergetiky a aplikovanej elektrotechniky |X 10228 |U E020 |Y 548 |7 A000010228 | |
| 856 | 4 | |a info a plný text |u http://is.stuba.sk/zp/portal_zp.pl?podrobnosti=78180 |3 VAIS | |
| 996 | |b 284ER01220 |c E*Bc-1220 |l EE32 |s P |a 0 |w stu272651_0001 | ||